[Event "Asian Nation Cup Women 2018"]
[Site "Hamedan"]
[Date "2018.07.30"]
[Round "3"]
[White "Nakhbayeva, Guliskhan"]
[Black "Guo, Qi"]
[Result "1/2-1/2"]
[WhiteElo "2352"]
[BlackElo "2361"]
[Annotator "NA"]
[PlyCount "45"]
[EventDate "2018.07.27"]
[EventType "swiss"]
[EventCountry "IRI"]
[SourceTitle "playchess.com"]
[Source "ChessBase"]
[SourceQuality "1"]
[WhiteTeam "Kazakhstan"]
[BlackTeam "China"]
[WhiteTeamCountry "KAZ"]
[BlackTeamCountry "CHN"]
[TimeControl "40/5400+30:1800+30"]

1. d4 {[%emt 0:00:00]} Nf6 {[%emt 0:00:00]} 2. c4 {[%emt 0:00:00]} e6 {[%emt 0:00:03]} 3. Nc3 {[%emt 0:00:00]} Bb4 {[%emt 0:00:51]} 4. e3 {[%emt 0:00:14]} O-O {[%emt 0:00:18]} 5. Bd3 {[%emt 0:00:05]} d5 {[%emt 0:00:09]} 6. Nf3 {[%emt 0:00:08]} b6 {[%emt 0:01:15]} 7. a3 {[%emt 0:00:38]} Bd6 {[%emt 0:02:41]} 8. e4 {[%emt 0:00:27]} dxe4 {[%emt 0:05:58]} 9. Nxe4 {[%emt 0:00:04]} Nbd7 {[%emt 0:00:55]} 10. O-O {[%emt 0:01:50]} Bb7 {[%emt 0:00:50]} 11. Nxd6 {[%emt 0:00:08]} cxd6 {[%emt 0:00:18]} 12. Bf4 {[%emt 0:02:31]} Qe7 {[%emt 0:03:51]} 13. Re1 {[%emt 0:03:27]} d5 {[%emt 0:05:09]} 14. Rc1 {[%emt 0:18:41]} Rac8 {[%emt 0:02:10]} 15. Nd2 {[%emt 0:19:11]} Rfd8 {[%emt 0:02:40]} 16. Qe2 {[%emt 0:11:28]} dxc4 {[%emt 0:03:13]} 17. Nxc4 {[%emt 0:00:28]} Nf8 {[%emt 0:00:22]} 18. Be5 $15 {[%emt 0:04:33]} Ng6 {[%emt 0:03:13]} 19. h3 {[%emt 0:02:43]} Nd5 {[%emt 0:08:31]} 20. Qh5 {[%emt 0:04:02]} Nf6 {[%emt 0:00:21]} 21. Qe2 {[%emt 0:01:28]} Nd5 {[%emt 0:00:05]} 22. Qh5 {[%emt 0:02:02]} Nf6 {[%emt 0:00:06]} 23. Qe2 {[%emt 0:01:18]} 1/2-1/2

[Event "Asian Nation Cup Women 2018"]
[Site "Hamedan"]
[Date "2018.07.30"]
[Round "3"]
[White "Zhai, Mo"]
[Black "Dauletova, Gulmira"]
[Result "1-0"]
[WhiteElo "2350"]
[BlackElo "2287"]
[Annotator "NA"]
[PlyCount "151"]
[EventDate "2018.07.27"]
[EventType "swiss"]
[EventCountry "IRI"]
[SourceTitle "playchess.com"]
[Source "ChessBase"]
[SourceQuality "1"]
[WhiteTeam "China"]
[BlackTeam "Kazakhstan"]
[WhiteTeamCountry "CHN"]
[BlackTeamCountry "KAZ"]
[TimeControl "40/5400+30:1800+30"]

1. d4 {[%emt 0:00:00]} Nf6 {[%emt 0:00:00]} 2. c4 {[%emt 0:00:00]} e6 {[%emt 0:00:00]} 3. Nc3 {[%emt 0:00:09]} Bb4 {[%emt 0:00:13]} 4. Nf3 {[%emt 0:00:13]} d5 {[%emt 0:01:11]} 5. Qa4+ {[%emt 0:01:11] LiveBook: 1006 Games} Nc6 {[%emt 0:00:19]} 6. e3 {[%emt 0:00:12]} Bd7 {[%emt 0:01:54]} 7. Qc2 {[%emt 0:00:54]} dxc4 {[%emt 0:10:03]} 8. Bxc4 {[%emt 0:00:20]} Na5 {[%emt 0:00:29]} 9. Bd3 c5 {[%emt 0:01:53]} 10. O-O {[%emt 0:10:47]} Rc8 {[%emt 0:07:28]} 11. Bd2 {[%emt 0:04:21]} cxd4 {[%emt 0:16:54]} 12. Nxd4 $11 O-O {[%emt 0:05:26]} 13. Qd1 {[%emt 0:19:38]} Nc6 {[%emt 0:18:02]} 14. Nf3 {[%emt 0:08:34]} Qe7 {[%emt 0:04:56]} 15. Qe2 {[%emt 0:03:23]} e5 {[%emt 0:05:19]} 16. Ng5 {[%emt 0:05:41]} Bxc3 {[%emt 0:06:23]} 17. Bxc3 {[%emt 0:00:09]} h6 {[%emt 0:04:18]} 18. Ne4 {[%emt 0:00:18]} Nd5 {[%emt 0:02:13]} 19. Rfd1 {[%emt 0:03:22]} Nxc3 {[%emt 0:03:13]} 20. Nxc3 {[%emt 0:01:03]} Nb4 {[%emt 0:00:03]} 21. Be4 {[%emt 0:01:25]} Bc6 {[%emt 0:00:01]} 22. a3 {[%emt 0:08:34]} Bxe4 {[%emt 0:01:51]} 23. axb4 {[%emt 0:00:52]} Bg6 {[%emt 0:03:00]} 24. Rxa7 {[%emt 0:02:56]} Rfd8 {[%emt 0:02:15]} 25. b5 {[%emt 0:13:14]} Rxd1+ {[%emt 0:02:53]} 26. Qxd1 {[%emt 0:00:07]} Rd8 {[%emt 0:00:08]} 27. Qe2 {[%emt 0:03:48]} Bd3 {[%emt 0:01:10]} 28. Qf3 {[%emt 0:00:23]} e4 {[%emt 0:00:11]} 29. Qh5 {[%emt 0:00:11]} g6 {[%emt 0:02:32]} 30. Qxh6 {[%emt 0:00:44]} Bxb5 {[%emt 0:00:15]} 31. h4 {[%emt 0:02:16]} Bc6 {[%emt 0:00:27]} 32. Ra5 {[%emt 0:04:21]} Qb4 {[%emt 0:00:20]} 33. Qg5 {[%emt 0:00:09]} Re8 {[%emt 0:01:00]} 34. h5 {[%emt 0:01:19]} Re6 {[%emt 0:00:33]} 35. hxg6 {[%emt 0:01:55]} fxg6 {[%emt 0:00:21]} 36. Ra8+ {[%emt 0:00:14]} Be8 {[%emt 0:00:30]} 37. Qd5 {[%emt 0:00:37]} Qe7 {[%emt 0:00:29]} 38. Nxe4 {[%emt 0:00:18]} Kg7 {[%emt 0:00:37]} 39. Qd4+ {[%emt 0:04:48]} Kf7 {[%emt 0:00:01]} 40. Qd5 {[%emt 0:00:40]} Kg7 {[%emt 0:00:08]} 41. Rb8 {[%emt 0:03:39]} Bc6 {[%emt 0:11:53]} 42. Qd4+ {[%emt 0:00:09]} Kf7 {[%emt 0:00:21]} 43. Rh8 {[%emt 0:01:37]} Bxe4 {[%emt 0:02:03]} 44. Rh7+ {[%emt 0:00:07]} Ke8 {[%emt 0:00:10]} 45. Rxe7+ {[%emt 0:00:09]} Kxe7 {[%emt 0:00:17]} 46. b4 {[%emt 0:03:16]} Bc6 {[%emt 0:03:03]} 47. Qc5+ {[%emt 0:02:16]} Kd8 {[%emt 0:01:18]} 48. Qb6+ {[%emt 0:02:34]} Kc8 {[%emt 0:01:19]} 49. b5 {[%emt 0:01:16]} Bd7 {[%emt 0:00:05]} 50. Qc5+ {[%emt 0:00:07]} Kd8 {[%emt 0:00:45]} 51. b6 {[%emt 0:01:03]} Bc6 {[%emt 0:02:54]} 52. f3 {[%emt 0:00:24]} Ke8 {[%emt 0:01:28]} 53. Kf2 {[%emt 0:00:25]} Kf7 {[%emt 0:00:30]} 54. e4 {[%emt 0:00:04]} Re7 {[%emt 0:01:24]} 55. Ke3 {[%emt 0:00:55]} Re6 {[%emt 0:02:03]} 56. Kf4 {[%emt 0:00:37]} Re7 {[%emt 0:05:23]} 57. Kg5 {[%emt 0:00:20]} Re6 {[%emt 0:00:21]} 58. Qc4 {[%emt 0:00:48]} Ke7 {[%emt 0:00:44]} 59. Qd4 {[%emt 0:00:22]} Kf7 {[%emt 0:00:39]} 60. Kh6 {[%emt 0:02:09]} Rf6 {[%emt 0:03:11]} 61. Qc4+ {[%emt 0:03:48]} Re6 {[%emt 0:00:10]} 62. e5 {[%emt 0:00:19]} Ke7 {[%emt 0:01:12]} 63. Qb4+ {[%emt 0:00:38]} Kf7 {[%emt 0:00:37]} 64. Qf4+ {[%emt 0:00:11]} Kg8 {[%emt 0:00:36]} 65. g3 {[%emt 0:02:39]} Bd5 {[%emt 0:00:46]} 66. Qd4 {[%emt 0:00:48]} Bc6 {[%emt 0:00:35]} 67. Qd8+ {[%emt 0:00:21]} Kf7 {[%emt 0:00:21]} 68. Qd4 {[%emt 0:00:56]} Kg8 {[%emt 0:00:16]} 69. f4 {[%emt 0:00:27]} Kf7 {[%emt 0:00:42]} 70. g4 {[%emt 0:01:31]} Ke8 {[%emt 0:00:50]} 71. Kg7 {[%emt 0:00:33]} Bd7 {[%emt 0:00:28]} 72. Qc5 {[%emt 0:01:22]} Re7+ {[%emt 0:00:30]} 73. Kxg6 {[%emt 0:00:02]} Bxg4 {[%emt 0:00:04]} 74. f5 {[%emt 0:00:18]} Rd7 {[%emt 0:00:58]} 75. e6 {[%emt 0:01:18]} Rd8 {[%emt 0:00:30]} 76. Kf6 {[%emt 0:00:17]} 1-0

[Event "Asian Nation Cup Women 2018"]
[Site "Hamedan"]
[Date "2018.07.30"]
[Round "3"]
[White "Pham, Le Thao Nguyen"]
[Black "Hejazipour, Mitra"]
[Result "1-0"]
[WhiteElo "2334"]
[BlackElo "2276"]
[Annotator "NA"]
[PlyCount "87"]
[EventDate "2018.07.27"]
[EventType "swiss"]
[EventCountry "IRI"]
[SourceTitle "playchess.com"]
[Source "ChessBase"]
[SourceQuality "1"]
[WhiteTeam "Vietnam"]
[BlackTeam "Iran"]
[WhiteTeamCountry "VIE"]
[BlackTeamCountry "IRI"]
[TimeControl "40/5400+30:1800+30"]

1. d4 {[%emt 0:00:23]} d5 {[%emt 0:00:00]} 2. Nf3 {[%emt 0:00:39]} Nf6 {[%emt 0:00:16]} 3. c4 {[%emt 0:00:38]} e6 {[%emt 0:00:14]} 4. g3 {[%emt 0:00:57]} Bb4+ {[%emt 0:00:36]} 5. Bd2 {[%emt 0:00:31]} Be7 {[%emt 0:01:16]} 6. Bg2 {[%emt 0:00:17]} O-O {[%emt 0:00:16]} 7. O-O {[%emt 0:00:33]} c6 {[%emt 0:00:45]} 8. Qc2 {[%emt 0:00:27]} b6 {[%emt 0:00:18]} 9. Bf4 {[%emt 0:03:12]} Ba6 {[%emt 0:00:25] LiveBook: 225 Games} 10. Nbd2 {[%emt 0:13:19]} Nbd7 {[%emt 0:11:07]} 11. Rfc1 {[%emt 0:13:49]} c5 {[%emt 0:18:41]} 12. Ne5 $11 {[%emt 0:17:45]} Bb7 {[%emt 0:36:21]} 13. dxc5 {[%emt 0:14:58]} Bxc5 {[%emt 0:02:18]} 14. Nd3 {[%emt 0:02:11]} Be7 {[%emt 0:02:37]} 15. Qd1 {[%emt 0:03:52]} Nc5 {[%emt 0:10:18]} 16. Nxc5 {[%emt 0:03:18]} bxc5 {[%emt 0:01:31]} 17. cxd5 {[%emt 0:05:35]} exd5 {[%emt 0:00:45]} 18. Rc2 {[%emt 0:00:49]} Qb6 {[%emt 0:05:39]} 19. Rac1 {[%emt 0:03:10]} a5 {[%emt 0:06:22]} 20. Qe1 {[%emt 0:04:49]} Rfe8 {[%emt 0:07:31]} 21. Be3 {[%emt 0:05:16]} d4 {[%emt 0:03:44]} 22. Nc4 {[%emt 0:00:46]} Qa6 {[%emt 0:00:19]} 23. Bxb7 {[%emt 0:00:44]} Qxb7 {[%emt 0:00:01]} 24. Bg5 {[%emt 0:00:32]} Ne4 {[%emt 0:03:06]} 25. Bxe7 {[%emt 0:02:04]} Rxe7 {[%emt 0:01:09]} 26. Qf1 {[%emt 0:01:22]} Ra6 {[%emt 0:01:51]} 27. Nd2 {[%emt 0:02:18]} Nxd2 {[%emt 0:01:51]} 28. Rxd2 {[%emt 0:00:02]} Qb4 {[%emt 0:01:52]} 29. Qd1 {[%emt 0:01:59]} h5 {[%emt 0:00:53]} 30. Rdc2 {[%emt 0:01:45]} Rae6 {[%emt 0:00:47]} 31. Qd3 {[%emt 0:02:52]} g6 {[%emt 0:00:26]} 32. b3 {[%emt 0:01:06]} Re5 {[%emt 0:00:46]} 33. Rc4 {[%emt 0:01:51]} Qb6 {[%emt 0:00:11]} 34. R1c2 {[%emt 0:00:25]} h4 {[%emt 0:00:37]} 35. gxh4 {[%emt 0:02:23]} Qd6 {[%emt 0:00:58]} 36. Qg3 {[%emt 0:00:50]} Qf6 {[%emt 0:00:29]} 37. Rxc5 {[%emt 0:02:08]} Rxc5 {[%emt 0:00:30]} 38. Rxc5 {[%emt 0:00:02]} Rxe2 {[%emt 0:00:08]} 39. h5 {[%emt 0:00:53]} Qe7 {[%emt 0:01:01]} 40. Rc8+ {[%emt 0:00:30]} Kg7 {[%emt 0:00:00]} 41. Rc7 {[%emt 0:09:12]} Re1+ {[%emt 0:14:31]} 42. Kg2 {[%emt 0:00:09]} Qe4+ {[%emt 0:00:13]} 43. f3 {[%emt 0:05:00]} Qe3 {[%emt 0:02:31]} 44. Qxg6+ {[%emt 0:00:10]} 1-0

[Event "Asian Nation Cup Women 2018"]
[Site "Hamedan"]
[Date "2018.07.30"]
[Round "3"]
[White "Alinasab, Mobina"]
[Black "Nguyen, Thi Thanh An"]
[Result "1-0"]
[WhiteElo "2281"]
[BlackElo "2257"]
[Annotator "NA"]
[PlyCount "79"]
[EventDate "2018.07.27"]
[EventType "swiss"]
[EventCountry "IRI"]
[SourceTitle "playchess.com"]
[Source "ChessBase"]
[SourceQuality "1"]
[WhiteTeam "Iran"]
[BlackTeam "Vietnam"]
[WhiteTeamCountry "IRI"]
[BlackTeamCountry "VIE"]
[TimeControl "40/5400+30:1800+30"]

1. e4 {[%emt 0:00:00]} g6 {[%emt 0:00:13]} 2. d4 {[%emt 0:00:00]} Bg7 {[%emt 0:00:07]} 3. Nc3 {[%emt 0:00:00]} d5 {[%emt 0:00:33]} 4. e5 {[%emt 0:00:47]} f6 $11 {[%emt 0:00:21]} 5. f4 {[%emt 0:01:55]} Nh6 {[%emt 0:00:14]} 6. Nf3 {[%emt 0:00:55]} Bg4 {[%emt 0:00:29]} 7. h3 {[%emt 0:04:48]} Bxf3 {[%emt 0:00:25]} 8. Qxf3 {[%emt 0:00:08]} Nf5 {[%emt 0:03:53]} 9. Qxd5 {[%emt 0:17:54]} Nxd4 {[%emt 0:05:20]} 10. exf6 {[%emt 0:01:53]} Bxf6 {[%emt 0:05:39]} 11. Qxd8+ {[%emt 0:01:21]} Kxd8 {[%emt 0:00:03]} 12. Bd3 {[%emt 0:00:07]} Bh4+ {[%emt 0:00:32]} 13. Kd1 {[%emt 0:00:08]} Nbc6 {[%emt 0:03:24]} 14. a3 {[%emt 0:07:30]} Kd7 {[%emt 0:03:02]} 15. Ne4 {[%emt 0:02:29]} Rad8 {[%emt 0:00:02]} 16. g3 Bf6 {[%emt 0:00:08]} 17. Nxf6+ {[%emt 0:05:19]} exf6 18. Ke1 {[%emt 0:05:49]} Kc8 {[%emt 0:02:42]} 19. Be3 Nf5 20. Bxf5+ {[%emt 0:03:06]} gxf5 {[%emt 0:02:12]} 21. Kf2 {[%emt 0:00:17]} h5 {[%emt 0:02:42]} 22. Rad1 {[%emt 0:00:24]} b6 23. Kf3 {[%emt 0:00:11]} Rxd1 {[%emt 0:03:00]} 24. Rxd1 Rh7 25. b4 {[%emt 0:02:40]} a6 {[%emt 0:06:22]} 26. c4 Rd7 {[%emt 0:04:19]} 27. Rd2 {[%emt 0:16:14]} Kd8 28. g4 {[%emt 0:02:31]} Rxd2 {[%emt 0:06:46]} 29. Bxd2 {[%emt 0:00:06]} hxg4+ {[%emt 0:07:47]} 30. hxg4 {[%emt 0:00:40]} Nd4+ {[%emt 0:14:31]} 31. Ke3 Nc2+ {[%emt 0:00:07]} 32. Kd3 {[%emt 0:01:47]} Nxa3 33. Bc1 Nxc4 {[%emt 0:01:40]} 34. Kxc4 {[%emt 0:12:09]} fxg4 {[%emt 0:12:09]} 35. Kd4 Ke7 36. Ke4 {[%emt 0:02:59]} c5 {[%emt 0:03:48]} 37. bxc5 {[%emt 0:03:22]} bxc5 38. f5 {[%emt 0:01:25]} c4 {[%emt 0:05:11]} 39. Bb2 {[%emt 0:00:07]} a5 {[%emt 0:09:56]} 40. Kf4 {[%emt 0:00:15]} 1-0

[Event "Asian Nation Cup Women 2018"]
[Site "Hamedan"]
[Date "2018.07.30"]
[Round "3"]
[White "Nguyen, Thi Mai Hung"]
[Black "Hamedi Nia, Vesal"]
[Result "1-0"]
[WhiteElo "2226"]
[BlackElo "2066"]
[Annotator "NA"]
[PlyCount "77"]
[EventDate "2018.07.27"]
[EventType "swiss"]
[EventCountry "IRI"]
[SourceTitle "playchess.com"]
[Source "ChessBase"]
[SourceQuality "1"]
[WhiteTeam "Vietnam"]
[BlackTeam "Iran"]
[WhiteTeamCountry "VIE"]
[BlackTeamCountry "IRI"]
[TimeControl "40/5400+30:1800+30"]

1. d4 {[%emt 0:00:00]} d5 {[%emt 0:00:00]} 2. c4 {[%emt 0:00:50]} e6 {[%emt 0:00:00]} 3. Nf3 {[%emt 0:00:06]} Nf6 {[%emt 0:00:11]} 4. g3 {[%emt 0:00:10]} Bb4+ {[%emt 0:00:15]} 5. Nbd2 {[%emt 0:00:19]} c6 {[%emt 0:03:22]} 6. Qc2 {[%emt 0:02:50]} Nbd7 {[%emt 0:04:13]} 7. Bg2 {[%emt 0:00:17]} O-O {[%emt 0:00:47]} 8. O-O {[%emt 0:00:11]} b6 {[%emt 0:06:15]} 9. e4 {[%emt 0:17:52]} dxe4 {[%emt 0:07:30]} 10. Nxe4 {[%emt 0:06:24]} Bb7 {[%emt 0:08:00]} 11. Rd1 {[%emt 0:06:54]} Qc8 {[%emt 0:07:28]} 12. Nxf6+ {[%emt 0:06:51]} Nxf6 $16 {[%emt 0:00:18]} 13. c5 {[%emt 0:00:40]} bxc5 {[%emt 0:17:09]} 14. dxc5 {[%emt 0:02:18]} Ba5 {[%emt 0:07:37]} 15. Ng5 {[%emt 0:10:31]} Bc7 {[%emt 0:05:21]} 16. b3 {[%emt 0:09:18]} Be5 {[%emt 0:05:34]} 17. Rb1 {[%emt 0:01:52]} Rd8 {[%emt 0:07:25]} 18. Be3 {[%emt 0:00:55]} h6 {[%emt 0:04:09]} 19. Nf3 {[%emt 0:01:17]} Qc7 {[%emt 0:03:37]} 20. Re1 {[%emt 0:03:43]} Nd5 {[%emt 0:08:29]} 21. Bxh6 {[%emt 0:14:48]} Bf6 {[%emt 0:07:25]} 22. Bg5 {[%emt 0:01:49]} a5 {[%emt 0:02:16]} 23. Bxf6 {[%emt 0:01:45]} Nxf6 {[%emt 0:00:12]} 24. Ng5 {[%emt 0:04:46]} Ba6 {[%emt 0:00:51]} 25. Rbd1 {[%emt 0:00:06]} Bb5 {[%emt 0:00:35]} 26. Ne4 {[%emt 0:02:54]} Nd5 {[%emt 0:00:56]} 27. Nd6 {[%emt 0:00:41]} Ba6 {[%emt 0:00:54]} 28. Rd4 {[%emt 0:00:50]} Rxd6 {[%emt 0:00:39]} 29. cxd6 {[%emt 0:00:22]} Qxd6 {[%emt 0:00:01]} 30. Rh4 {[%emt 0:06:57]} f5 {[%emt 0:00:20]} 31. Qd1 {[%emt 0:00:49]} Rd8 {[%emt 0:00:59]} 32. Bxd5 {[%emt 0:03:04]} cxd5 {[%emt 0:00:39]} 33. Qh5 {[%emt 0:00:16]} Bb5 {[%emt 0:00:28]} 34. Qh7+ {[%emt 0:00:48]} Kf7 {[%emt 0:00:10]} 35. Rh6 {[%emt 0:00:18]} Bd7 {[%emt 0:00:49]} 36. Qxf5+ {[%emt 0:00:20]} Kg8 {[%emt 0:00:33]} 37. Qh7+ {[%emt 0:00:15]} Kf8 {[%emt 0:00:30]} 38. Rg6 {[%emt 0:00:28]} Qe7 {[%emt 0:00:20]} 39. Qh8+ {[%emt 0:00:07]} 1-0

[Event "Asian Nation Cup Women 2018"]
[Site "Hamedan"]
[Date "2018.07.31"]
[Round "4"]
[White "Saduakassova, Dinara"]
[Black "Khademalsharieh, Sarasadat"]
[Result "0-1"]
[WhiteElo "2489"]
[BlackElo "2408"]
[Annotator "TA"]
[PlyCount "150"]
[EventDate "2018.07.27"]
[EventType "swiss"]
[EventCountry "IRI"]
[SourceTitle "playchess.com"]
[Source "ChessBase"]
[SourceQuality "1"]
[WhiteTeam "Kazakhstan"]
[BlackTeam "Iran"]
[WhiteTeamCountry "KAZ"]
[BlackTeamCountry "IRI"]

{[%evp 18,150,30,21,20,22,26,27,22,35,57,50,62,55,72,35,41,30,57,51,43,0,35,0,68,-49,-45,-66,-68,-75,-76,-75,-81,-83,-77,-72,-42,-51,-56,-56,0,-26,0,-46,-39,-29,-65,-68,-78,-164,-168,-167,-161,-168,-141,-149,-86,-76,0,0,0,0,0,0,0,0,0,0,0,0,0,0,0,0,0,0,0,-139,-133,-139,-139,-133,-131,-131,-133,-169,-123,-132,-119,-144,-37,-47,-36,-65,0,0,0,0,0,-272,-264,-269,-248,-243,-216,-608,-1381,-1129,-1387,-12834,-12835,-12833,-12835,-12843,-1276,-12843,-12843,-12844,-12843,-12844,-12844,-12845,-12845,-12845,-12846,-12848,-12848,-12849,-12849,-12850,-29982,-12851,-29983,-12851,-29984]} 1. d4 Nf6 2. c4 e6 3. Nc3 Bb4 4. Qc2 b6 5. e4 c5 6. d5 {E32: Nimzo-Indian: Classical (4 Qc2): 4...0-0} Qe7 7. Nge2 exd5 8. exd5 d6 9. Bg5 h6 10. Bh4 {LiveBook: 3 Games} O-O 11. O-O-O Re8 (11... Nbd7 12. a3 Ba5 13. Ng3 Qe5 {1-0 (80) Saduakassova,D (2444)-Khademalsharieh,S (2433) Ashkhabad 2017}) 12. a3 $146 ({Predecessor:} 12. h3 Nbd7 13. g4 Ne5 {0-1 (33) Rasmussen,A (2540)-Granda Zuniga,J (2656) Kollafjord 2017}) 12... Ba5 $1 13. f3 Nbd7 {[%cal Bb8d7,Bd7e5,Be5g4,Bg4e3][%mdl 32]} 14. Ne4 $1 g5 {[%cal Rf6e4]} 15. Nxf6+ Qxf6 16. Bg3 Ne5 {Strongly threatening ...Bf5.} 17. Nc3 Bf5 18. Ne4 Qg6 19. h4 b5 20. cxb5 c4 (20... Ng4 $11 21. Qa4 (21. fxg4 Bxe4 22. Bd3 gxh4 $11) 21... Bxe4) 21. Kb1 (21. Bxc4 $2 Nxc4 22. h5 Qg7 $19) ({White should try} 21. Bxe5 $14 Rxe5 22. h5 (22. Bxc4 Rc8 $11)) 21... Ng4 $15 22. h5 Qh7 $1 {[%cal Re8e4]} 23. Bxc4 ({Wrong is} 23. Bxd6 $2 Ne3 $19) 23... Ne3 $1 24. Qb3 Bxe4+ 25. fxe4 Nxd1 26. Rxd1 Qxe4+ 27. Bd3 Qxg2 28. Bxd6 Rad8 29. Bc5 Re5 30. Bc4 Bb6 31. Bxb6 axb6 32. d6 Qf2 33. Ka2 (33. Qc3 $17 Rc5 34. Ka2) 33... Re3 $19 34. Qb4 {And now Rf1 would win.} Re4 35. Qb3 Qf6 $1 36. d7 {[#]} Re7 (36... Rf4 $142 $1 37. Qd3 Rf2) 37. Qh3 $17 Qf4 ({Black should play} 37... Kg7 $17) 38. Bb3 $1 $11 Re3 39. Qg2 {Hoping for Qc6.} Rf3 40. Qc2 Kg7 41. Qc8 Qf6 42. Rd2 g4 {[%cal Bg5g4,Bg4g3][%mdl 32]} 43. Rg2 g3 44. Qc7 Kf8 {...Rf2 is the strong threat.} 45. Qc6 $1 Kg7 $36 {[%mdl 2048] Black has good play.} 46. Qe4 Qf4 47. Qxf4 (47. Qe7 $11 {keeps the balance.} Qg5 48. Qd6) 47... Rxf4 $17 48. Rxg3+ $11 {[%mdl 4096] Endgame KRR-KRB} Kf6 49. Rc3 {[#]} Ke7 $1 50. a4 Rxd7 51. Rc8 Rf5 52. Rb8 Rd6 ({Much worse is} 52... Rxh5 $6 53. Rxb6 Rd6 54. Rb7+ Rd7 55. Rb6 $11) 53. Bc4 Rf4 (53... f6 $17 54. Rb7+ Kd8) 54. b3 $1 $15 f5 55. Ka3 $1 Rf2 (55... Rh4 $15 56. Rb7+ Kd8) 56. Kb4 $11 Ra2 57. Rb7+ Kf6 58. Rf7+ $2 {[%mdl 8192]} (58. a5 $11 {and White has nothing to worry.} bxa5+ 59. Kc5) 58... Kg5 $19 59. Rc7 {intending Rc6.} f4 ({Worse is} 59... Kxh5 60. Rc6 $11) 60. Rc6 Rf6 {Threatens to win with ...f3.} 61. a5 $2 (61. Bd5) 61... Rxc6 62. bxc6 Rxa5 {KR-KB} 63. Be2 Rc5 64. Bf3 Kh4 65. Ka4 Ra5+ 66. Kb4 Kg3 67. Be2 f3 68. Bb5 f2 69. c7 {[#]} Rxb5+ $1 {[%mdl 512]} 70. Kxb5 f1=Q+ 71. Kxb6 Qf6+ 72. Kb7 Qf3+ 73. Kb8 Qxb3+ 74. Ka8 Qc4 75. Kb8 Kg4 {Precision: White = 67%, Black = 66%.} 0-1